000 00600nac a22001691u 4500
020 _a8176490938
082 _a658.8
_bB1671
090 _c1188
_d1188
100 _aBaker, Michael J.
245 _aThe marketing book /
_cBy Micheal J. Baker.
260 _aNew Delhi :
_bViva books private limited.
_c2000.
300 _a718 p. :
_bDiagram,
_c25 cm.
500 _aIncludes index.
650 _aMarketing.
942 _cBB
_k658.8B1671
999 _c1188
_d1188